[Event "HUN-ch rapid"]
[Site "Ajka"]
[Date "2019.07.21"]
[Round "13"]
[White "Finszter, Mate"]
[Black "Hoang, Thanh Trang"]
[Result "0-1"]
[WhiteElo "2276"]
[BlackElo "2414"]
[PlyCount "72"]
[EventDate "2019.07.19"]
[EventType "swiss (rapid)"]
[EventRounds "13"]
[EventCountry "HUN"]
[SourceTitle "CBM 191 Extra"]
[Source "ChessBase"]
[SourceDate "2019.09.30"]
[SourceVersion "1"]
[SourceVersionDate "2019.09.30"]
[SourceQuality "1"]

1. Nf3 f5 2. d3 Nc6 3. e4 e5 4. exf5 d5 5. d4 e4 6. Ne5 Nxe5 7. dxe5 Bxf5 8. c4 d4 9. g4 Bg6 10. Bg2 Bc5 11. 0-0 Ne7 12. Bg5 h6 13. Bh4 d3 14. Nc3 e3 15. fxe3 Bxe3+ 16. Kh1 c6 17. Ne4 Qd4 18. Nd6+ Kd7 19. Bg3 Rhf8 20. Qb3 Qb6 21. Qd1 Rxf1+ 22. Qxf1 Qd4 23. a4 d2 24. g5 hxg5 25. Bh3+ g4 26. Bg2 Bc2 27. e6+ Kxe6 28. Rd1 Bxd1 29. Qxd1 Rf8 30. c5 Kd7 31. h4 Nf5 32. Nxf5 Rxf5 33. Kh2 Bf2 34. Bxf2 Qxf2 35. Qxg4 Qf4+ 36. Qxf4 Rxf4 0-1

[Event "HUN-chT2 Charousek 1819"]
[Site "Hungary"]
[Date "2019.03.31"]
[Round "10.2"]
[White "Finszter, Mate"]
[Black "Drazic, Sinisa"]
[Result "0-1"]
[WhiteElo "2297"]
[BlackElo "2408"]
[PlyCount "82"]
[EventDate "2018.09.23"]
[EventType "team-tourn"]
[EventRounds "11"]
[EventCountry "HUN"]
[SourceTitle "EXT 2021"]
[Source "ChessBase"]
[SourceDate "2020.10.23"]
[SourceVersion "1"]
[SourceVersionDate "2020.10.23"]
[SourceQuality "1"]
[WhiteTeam "Gyor Szechenyi"]
[BlackTeam "Budapest HUSI"]
[WhiteTeamCountry "HUN"]
[BlackTeamCountry "HUN"]

1. Nf3 Nf6 2. g3 b5 3. Bg2 Bb7 4. 0-0 e6 5. b3 c5 6. Na3 a6 7. c4 Qb6 8. Bb2 Be7 9. d4 0-0 10. Qc1 d6 11. Rd1 Nbd7 12. Qe3 Rfd8 13. Rac1 b4 14. Nc2 a5 15. Bh3 d5 16. Nce1 dxc4 17. bxc4 h6 18. Nd3 Ne4 19. d5 f5 20. Nf4 exd5 21. cxd5 Bf6 22. Bxf5 Nf8 23. Qxe4 Bxb2 24. Rb1 Bf6 25. Ne6 Rd6 26. Nxf8 Kxf8 27. Be6 Re8 28. Qh7 Rdxe6 29. dxe6 Qxe6 30. Qc2 c4 31. Rbc1 Qxe2 32. Qxe2 Rxe2 33. Nd4 Bxd4 34. Rxd4 c3 35. Rd8+ Kf7 36. Rd7+ Re7 37. Rxe7+ Kxe7 38. f4 Bd5 39. a3 Kd6 40. axb4 axb4 41. Kf2 b3 0-1

[Event "HUN-chT2 Charousek 1819"]
[Site "Hungary"]
[Date "2019.01.27"]
[Round "6.2"]
[White "Finszter, Mate"]
[Black "Petran, Pal"]
[Result "1/2-1/2"]
[WhiteElo "2297"]
[BlackElo "2306"]
[PlyCount "76"]
[EventDate "2018.09.23"]
[EventType "team-tourn"]
[EventRounds "11"]
[EventCountry "HUN"]
[SourceTitle "CBM 189 Extra"]
[Source "ChessBase"]
[SourceDate "2019.06.03"]
[SourceVersion "1"]
[SourceVersionDate "2019.06.03"]
[SourceQuality "1"]
[WhiteTeam "Gyor Szechenyi"]
[BlackTeam "Budapest HASE"]
[WhiteTeamCountry "HUN"]
[BlackTeamCountry "HUN"]

1. Nf3 Nf6 2. g3 b5 3. Bg2 Bb7 4. 0-0 c5 5. Na3 a6 6. c4 b4 7. Nc2 e6 8. d4 cxd4 9. Ncxd4 Be7 10. a3 bxa3 11. b3 d5 12. Bxa3 Bxa3 13. Rxa3 dxc4 14. bxc4 0-0 15. Qa1 Nbd7 16. Rb1 Be4 17. Rc1 Nc5 18. Ne1 Bxg2 19. Kxg2 Qc7 20. Ndf3 Nfe4 21. Qe5 Qb6 22. Nd3 Rfd8 23. Nxc5 Nxc5 24. Qe3 a5 25. Ne5 a4 26. Nd3 Qc6+ 27. f3 Nb3 28. Rc2 Ra5 29. c5 Rc8 30. Rc4 Qe8 31. Rg4 g6 32. Rc4 Rc6 33. Raxa4 Rxa4 34. Rxa4 Nxc5 35. Nxc5 Rxc5 36. Qxc5 Qxa4 37. Qe7 Qa6 38. Qd8+ Kg7 1/2-1/2

[Event "HUN-chT2 Charousek 1819"]
[Site "Hungary"]
[Date "2018.11.18"]
[Round "4.2"]
[White "Finszter, Mate"]
[Black "Farkas, Gabor"]
[Result "1/2-1/2"]
[WhiteElo "2297"]
[BlackElo "2363"]
[PlyCount "114"]
[EventDate "2018.09.23"]
[EventType "team-tourn"]
[EventRounds "11"]
[EventCountry "HUN"]
[SourceTitle "CBM 189 Extra"]
[Source "ChessBase"]
[SourceDate "2019.06.03"]
[SourceVersion "1"]
[SourceVersionDate "2019.06.03"]
[SourceQuality "1"]
[WhiteTeam "Gyor Szechenyi"]
[BlackTeam "Haladas Szombathely II"]
[WhiteTeamCountry "HUN"]
[BlackTeamCountry "HUN"]

1. a3 g6 2. g3 Bg7 3. Bg2 Nf6 4. d4 0-0 5. Nc3 c5 6. dxc5 Na6 7. e4 Nxc5 8. e5 Ne8 9. Be3 Ne6 10. f4 d6 11. Nf3 Bd7 12. 0-0 Bc6 13. Bh3 N8c7 14. exd6 exd6 15. Nd4 Nxd4 16. Bxd4 Ne6 17. Bxe6 Bxd4+ 18. Qxd4 fxe6 19. Rad1 e5 20. fxe5 Rxf1+ 21. Rxf1 dxe5 22. Qxd8+ Rxd8 23. Re1 Rd2 24. Re2 Rxe2 25. Nxe2 Be4 26. c3 Kf7 27. Kf2 Ke6 28. Ke3 Bc2 29. Ng1 Kd5 30. Nf3 a5 31. Nd2 a4 32. Nf3 Ke6 33. Ng5+ Kf6 34. Nf3 Bd1 35. Ng1 Bg4 36. Kd3 Ke6 37. c4 Kd6 38. b3 Bd7 39. Kc3 h6 40. h4 Bg4 41. Kb4 e4 42. Kxa4 e3 43. b4 Bd1+ 44. Kb5 Bg4 45. Kb6 Ke5 46. Kxb7 Kd4 47. c5 Kc3 48. c6 Kd2 49. c7 Ke1 50. c8Q Bxc8+ 51. Kxc8 Kf2 52. b5 Kxg1 53. b6 e2 54. b7 e1Q 55. b8Q Qc3+ 56. Kb7 Qb3+ 57. Kc8 Qc3+ 1/2-1/2

[Event "HUN-chT2 Charousek 1718"]
[Site "Hungary"]
[Date "2018.03.04"]
[Round "7.3"]
[White "Margl, Roland"]
[Black "Finszter, Mate"]
[Result "0-1"]
[WhiteElo "2191"]
[BlackElo "2312"]
[PlyCount "60"]
[EventDate "2017.10.29"]
[EventType "team-tourn"]
[EventRounds "9"]
[EventCountry "HUN"]
[SourceTitle "EXT 2020"]
[Source "ChessBase"]
[SourceDate "2019.10.17"]
[SourceVersion "1"]
[SourceVersionDate "2019.10.17"]
[SourceQuality "1"]
[WhiteTeam "Tapolca Rockwool"]
[BlackTeam "Gyor Szechenyi"]
[WhiteTeamCountry "HUN"]
[BlackTeamCountry "HUN"]

1. d4 Nf6 2. Nf3 c5 3. c4 cxd4 4. Nxd4 b6 5. Nc3 Bb7 6. Bg5 d6 7. e3 Nbd7 8. h3 a6 9. Nf3 e6 10. Be2 Be7 11. 0-0 Qc7 12. Rc1 h6 13. Bf4 g5 14. Bg3 Nc5 15. b4 Nce4 16. Nxe4 Nxe4 17. Bh2 h5 18. Nd2 Nxd2 19. Qxd2 g4 20. hxg4 hxg4 21. Bxg4 0-0-0 22. Bg3 f5 23. Be2 Qc6 24. f3 Rdg8 25. Bh2 Qc7 26. Qe1 Bg5 27. Qc3 Qh7 28. Bxd6 f4 29. exf4 Bf6 30. Qxf6 Rxg2+ 0-1

[Event "Gyor op-A 7th"]
[Site "Gyor"]
[Date "2016.07.10"]
[Round "9"]
[White "Finszter, Mate"]
[Black "Margl, Roland"]
[Result "1/2-1/2"]
[WhiteElo "2263"]
[BlackElo "2096"]
[PlyCount "198"]
[EventDate "2016.07.06"]
[EventType "swiss"]
[EventRounds "9"]
[EventCountry "HUN"]
[SourceTitle "EXT 2017"]
[Source "ChessBase"]
[SourceDate "2016.10.25"]
[SourceVersion "1"]
[SourceVersionDate "2016.10.25"]
[SourceQuality "1"]

1. c4 c5 2. Nf3 Nc6 3. g3 g6 4. Bg2 Bg7 5. Nc3 e6 6. d3 Nge7 7. Bg5 h6 8. Bd2 0-0 9. 0-0 d5 10. Qc1 Kh7 11. a3 b6 12. Rb1 a5 13. Rd1 Bb7 14. Qc2 d4 15. Na4 Rb8 16. b4 axb4 17. axb4 cxb4 18. Bxb4 Nxb4 19. Rxb4 Bc6 20. Rdb1 Bxa4 21. Qxa4 Qc7 22. Qb3 Nc8 23. h4 Rd8 24. Rb5 Bf8 25. h5 Bc5 26. Qb2 g5 27. Ra1 Nd6 28. Rb3 Ne8 29. Ra6 Ng7 30. Qa1 Rd7 31. Qa4 Rbd8 32. Rb2 f5 33. Ra2 Nxh5 34. Ra7 Qxa7 35. Qxa7 Rxa7 36. Rxa7+ Ng7 37. Ne5 Re8 38. Bf3 Re7 39. Ra8 Re8 40. Ra7 Re7 41. Ra6 Ne8 42. Nc6 Rc7 43. Nd8 Re7 44. Nb7 Nc7 45. Nxc5 bxc5 46. Ra5 Kg6 47. Rxc5 h5 48. Ra5 e5 49. Rc5 g4 50. Bg2 Kg5 51. Rc6 h4 52. gxh4+ Kxh4 53. c5 g3 54. Rd6 gxf2+ 55. Kxf2 Kg4 56. c6 Kf4 57. Rf6 Kg5 58. Rd6 Kf4 59. Rd8 Ne6 60. Rh8 Nc7 61. Bh3 Ne6 62. Rb8 Rh7 63. Bg2 Re7 64. Rb7 Nc7 65. Rb8 Ne6 66. Rb7 Nc7 67. Rb4 Ne6 68. Bd5 Nc7 69. Bb3 Kg5 70. Ba4 Kf6 71. Bb3 Rg7 72. Kf3 Ke7 73. Rb8 Kd6 74. Ba4 Re7 75. Rd8+ Kc5 76. Rf8 e4+ 77. Kf2 Re5 78. Rf7 Kb6 79. Rd7 Rd5 80. Bb3 Rb5 81. Bc4 Rc5 82. Rxd4 exd3 83. Bxd3 Ne6 84. Rd6 Rxc6 85. Rd8 Rc5 86. Rd6+ Rc6 87. Rd7 Rc7 88. Rd5 Rc5 89. Rxf5 Rxf5+ 90. Bxf5 Nd4 91. e4 Kc5 92. Ke3 Nc6 93. Bd7 Ne5 94. Be8 Kd6 95. Kd2 Nf3+ 96. Ke3 Ne5 97. Bb5 Ng4+ 98. Kf4 Ne5 99. Kf5 Nf3 1/2-1/2

[Event "Gyor op-A 7th"]
[Site "Gyor"]
[Date "2016.07.07"]
[Round "3"]
[White "Finszter, Mate"]
[Black "Orosz, Andras"]
[Result "1/2-1/2"]
[WhiteElo "2263"]
[BlackElo "2386"]
[PlyCount "32"]
[EventDate "2016.07.06"]
[EventType "swiss"]
[EventRounds "9"]
[EventCountry "HUN"]
[SourceTitle "EXT 2017"]
[Source "ChessBase"]
[SourceDate "2016.10.25"]
[SourceVersion "1"]
[SourceVersionDate "2016.10.25"]
[SourceQuality "1"]

1. c4 c5 2. Nf3 Nc6 3. Nc3 g6 4. g3 Bg7 5. Bg2 d6 6. 0-0 Bf5 7. a3 Qd7 8. d3 Bh3 9. Bd2 Bxg2 10. Kxg2 Nf6 11. Rb1 0-0 12. b4 b6 13. Qa4 Rfd8 14. Rfc1 e6 15. Bf4 h6 16. h3 Rac8 1/2-1/2

[Event "Level op-A 4th"]
[Site "Level"]
[Date "2016.03.15"]
[Round "7"]
[White "Nagy, Hunor"]
[Black "Finszter, Mate"]
[Result "0-1"]
[WhiteElo "1999"]
[BlackElo "2222"]
[PlyCount "86"]
[EventDate "2016.03.11"]
[EventType "swiss"]
[EventRounds "7"]
[EventCountry "HUN"]
[SourceTitle "EXT 2017"]
[Source "ChessBase"]
[SourceDate "2016.10.25"]
[SourceVersion "1"]
[SourceVersionDate "2016.10.25"]
[SourceQuality "1"]

1. e4 c6 2. d4 d5 3. exd5 cxd5 4. Bd3 Nc6 5. c3 Qc7 6. f4 Nh6 7. Qc2 g6 8. Ne2 Bf5 9. Nd2 Bg7 10. Nf3 0-0 11. 0-0 Nb4 12. cxb4 Qxc2 13. Bxc2 Bxc2 14. Ne5 Nf5 15. Kf2 f6 16. Nf3 Bh6 17. Nc3 Be4 18. Be3 e5 19. Ne2 Nxe3 20. Kxe3 exf4+ 21. Kf2 g5 22. h3 Rfc8 23. Rfc1 Bf8 24. a3 Kf7 25. Nd2 Ke6 26. Nc3 f5 27. Nb5 Kd7 28. Nb3 a6 29. Nc3 b6 30. Na4 Rab8 31. Nc3 Be7 32. b5 a5 33. Re1 Bf6 34. Rac1 h5 35. g4 hxg4 36. hxg4 a4 37. Nxa4 Rxc1 38. Rxc1 fxg4 39. Rc6 g3+ 40. Kg1 Ke7 41. Nxb6 f3 42. Rxf6 Rxb6 43. Rxb6 f2+ 0-1

[Event "Level op-A 4th"]
[Site "Level"]
[Date "2016.03.12"]
[Round "2"]
[White "Finszter, Mate"]
[Black "Gombocz, Ferenc Jr"]
[Result "1/2-1/2"]
[WhiteElo "2222"]
[BlackElo "1796"]
[PlyCount "73"]
[EventDate "2016.03.11"]
[EventType "swiss"]
[EventRounds "7"]
[EventCountry "HUN"]
[SourceTitle "EXT 2017"]
[Source "ChessBase"]
[SourceDate "2016.10.25"]
[SourceVersion "1"]
[SourceVersionDate "2016.10.25"]
[SourceQuality "1"]

1. c4 c5 2. g3 g6 3. Bg2 Bg7 4. Nc3 Nc6 5. Nf3 e6 6. d3 Nge7 7. Bg5 f6 8. Bd2 0-0 9. h4 d5 10. Qc1 Nf5 11. h5 Re8 12. hxg6 hxg6 13. Kf1 dxc4 14. dxc4 Kf7 15. Ne4 Qe7 16. Bc3 e5 17. e3 Be6 18. b3 Rad8 19. Qc2 Rd7 20. g4 Nh6 21. g5 Ng4 22. gxf6 Bxf6 23. Rh7+ Bg7 24. Neg5+ Kf6 25. Ne4+ Kf7 26. Nfg5+ Kg8 27. Nxe6 Qxe6 28. Rh3 Qf5 29. Qe2 Nd4 30. exd4 exd4 31. Be1 d3 32. Qd1 Bxa1 33. Qxa1 Re5 34. Ng3 Qe6 35. Bd5 Rexd5 36. cxd5 Ne3+ 37. fxe3 1/2-1/2

[Event "HUN-chT2 Breyer 1415"]
[Site "Hungary"]
[Date "2015.03.22"]
[Round "?"]
[White "Juhasz, Mark"]
[Black "Finszter, Mate"]
[Result "1/2-1/2"]
[WhiteElo "2194"]
[BlackElo "2153"]
[PlyCount "47"]
[EventDate "2014.09.07"]
[EventType "team-tourn"]
[EventRounds "11"]
[EventCountry "HUN"]
[SourceTitle "EXT 2016"]
[Source "ChessBase"]
[SourceDate "2015.10.08"]
[SourceVersion "1"]
[SourceVersionDate "2015.10.08"]
[SourceQuality "1"]
[WhiteTeam "Zsambek"]
[BlackTeam "Gyor UDSE"]
[WhiteTeamCountry "HUN"]
[BlackTeamCountry "HUN"]

1. Nf3 Nf6 2. c4 c5 3. g3 b6 4. Bg2 Bb7 5. 0-0 g6 6. Nc3 Bg7 7. a3 0-0 8. Rb1 d6 9. b4 Nbd7 10. d3 Qc8 11. Bd2 e5 12. Bh3 e4 13. Ng5 exd3 14. exd3 Qc6 15. Nge4 Nxe4 16. Nxe4 Ne5 17. Bg2 Kh8 18. Bf4 f5 19. b5 Qd7 20. Nc3 Nxc4 21. Bxb7 Qxb7 22. dxc4 Bxc3 23. Qxd6 Rad8 24. Be5+ 1/2-1/2

[Event "HUN-chT4a 1415"]
[Site "Hungary"]
[Date "2015.01.18"]
[Round "4.2"]
[White "Orosz, Andras"]
[Black "Finszter, Mate"]
[Result "1/2-1/2"]
[WhiteElo "2256"]
[BlackElo "2169"]
[PlyCount "160"]
[EventDate "2014.10.19"]
[EventType "team-tourn"]
[EventRounds "7"]
[EventCountry "HUN"]
[SourceTitle "EXT 2016"]
[Source "ChessBase"]
[SourceDate "2015.10.08"]
[SourceVersion "1"]
[SourceVersionDate "2015.10.08"]
[SourceQuality "1"]

1. d4 Nf6 2. Nf3 e6 3. g3 b5 4. Bg2 Bb7 5. 0-0 Be7 6. a4 b4 7. c4 c5 8. d5 d6 9. e4 e5 10. Ne1 h5 11. Nd3 h4 12. f4 Qc7 13. b3 hxg3 14. hxg3 Bc8 15. Bb2 Bg4 16. Bf3 Bxf3 17. Qxf3 Nbd7 18. Nd2 0-0-0 19. fxe5 dxe5 20. Kg2 Bd6 21. Rh1 Rdf8 22. Rxh8 Rxh8 23. Rh1 Rxh1 24. Kxh1 Qd8 25. Kg2 Qh8 26. Nf1 Qh7 27. Nf2 Qg6 28. Ne3 Kc7 29. Nf5 Ne8 30. Bc1 Qh7 31. g4 g6 32. Ng3 f6 33. g5 fxg5 34. Bxg5 Be7 35. Qg4 Bxg5 36. Qxg5 Nef6 37. Nd3 Kd6 38. Ne1 Qf7 39. Nf3 Ng8 40. Nh4 Ne7 41. Ne2 Qf6 42. Qg3 Nf8 43. Nf3 Nc8 44. Nc1 Nb6 45. Nd3 Nbd7 46. Qg4 Qe7 47. Qg5 Qe8 48. Qh4 a6 49. Nf2 Qe7 50. Qxe7+ Kxe7 51. Nd3 Kd6 52. Ng5 Ke7 53. Kf3 Kf6 54. Kg4 Ke7 55. Kf3 Kf6 56. Kg4 Ke7 57. Kh4 Kf6 58. Nf3 Nh7 59. Kg4 Nhf8 60. Kh4 Nh7 61. Nf2 Ke7 62. Ng4 Nhf6 63. Ngxe5 Nxe5 64. Nxe5 Nxe4 65. Nd3 Kd6 66. Kg4 Nf6+ 67. Kf4 Nxd5+ 68. cxd5 Kxd5 69. Nb2 Kd4 70. Nc4 Kc3 71. Na5 c4 72. bxc4 b3 73. Nxb3 Kxc4 74. Na5+ Kb4 75. Nc6+ Kxa4 76. Nb8 a5 77. Nc6 Kb5 78. Nxa5 Kxa5 79. Kg5 Kb5 80. Kxg6 Kc5 1/2-1/2

[Event "HUN-chT2 Breyer 1415"]
[Site "Hungary"]
[Date "2014.10.12"]
[Round "?"]
[White "Gombocz, Zsolt"]
[Black "Finszter, Mate"]
[Result "1-0"]
[WhiteElo "2064"]
[BlackElo "2153"]
[PlyCount "111"]
[EventDate "2014.09.07"]
[EventType "team-tourn"]
[EventRounds "11"]
[EventCountry "HUN"]
[SourceTitle "EXT 2016"]
[Source "ChessBase"]
[SourceDate "2015.10.08"]
[SourceVersion "1"]
[SourceVersionDate "2015.10.08"]
[SourceQuality "1"]
[WhiteTeam "MAFC"]
[BlackTeam "Gyor UDSE"]
[WhiteTeamCountry "HUN"]
[BlackTeamCountry "HUN"]

1. d4 d6 2. c4 e5 3. dxe5 dxe5 4. Qxd8+ Kxd8 5. a3 Be6 6. e3 c6 7. Nf3 f6 8. Be2 Nd7 9. 0-0 a5 10. Nbd2 a4 11. Ne4 Kc7 12. Bd2 Nc5 13. Nxc5 Bxc5 14. Bb4 Kb6 15. Nd2 Bf5 16. e4 Bg6 17. Rfd1 Bd4 18. Rab1 c5 19. Bc3 Rd8 20. Bxd4 Rxd4 21. b4 Nh6 22. bxc5+ Kxc5 23. Rxb7 Rhd8 24. Rb5+ Kc6 25. Rd5 Nf7 26. f3 Rb8 27. Nf1 Rb3 28. Ra1 Rb2 29. Bd1 Rxc4 30. Ne3 Rc3 31. Bxa4+ Kb6 32. Nd1 Rcc2 33. Nxb2 Rxb2 34. Be8 Ng5 35. Bxg6 hxg6 36. a4 Rc2 37. a5+ Ka6 38. Rd6+ Ka7 39. h4 Nh7 40. Rd8 f5 41. Rd7+ Ka6 42. Rxg7 Nf8 43. Rf7 Rc8 44. exf5 gxf5 45. Rxf5 Nd7 46. h5 Rh8 47. g4 Rg8 48. h6 e4 49. h7 Rh8 50. Rf7 Ne5 51. Rg7 Nxf3+ 52. Kf2 Nd4 53. Rh1 Rf8+ 54. Ke3 Nc2+ 55. Kxe4 Re8+ 56. Kf4 1-0